Little house on the prairie / (Record no. 31)
[ view plain ]
| 000 -LEADER | |
|---|---|
| fixed length control field | 02077nam a22004337a 4500 |
| 001 - CONTROL NUMBER | |
| control field | 31 |
| 003 - CONTROL NUMBER IDENTIFIER | |
| control field | FISKH |
| 005 - DATE AND TIME OF LATEST TRANSACTION | |
| control field | 20260403161447.0 |
| 008 - FIXED-LENGTH DATA ELEMENTS--GENERAL INFORMATION | |
| fixed length control field | 230220b cb ||||| |||| 00| 0 eng d |
| 020 ## - INTERNATIONAL STANDARD BOOK NUMBER | |
| International Standard Book Number | 059048818X |
| 040 ## - CATALOGING SOURCE | |
| Original cataloging agency | YDXCP |
| Language of cataloging | eng |
| Transcribing agency | YDXCP |
| Description conventions | rda |
| Modifying agency | BTCTA |
| -- | BDX |
| -- | OCLCQ |
| -- | JBL |
| -- | OCLCO |
| -- | ZGY |
| -- | ILC |
| -- | NDS |
| -- | NYP |
| -- | DLC |
| -- | FISKH |
| Description conventions | rda |
| 042 ## - AUTHENTICATION CODE | |
| Authentication code | lccopycat |
| 050 00 - LIBRARY OF CONGRESS CALL NUMBER | |
| Classification number | PZ7 |
| Item number | .W6461 Lit 2017 |
| 082 04 - DEWEY DECIMAL CLASSIFICATION NUMBER | |
| Classification number | 813.52 |
| 100 1# - MAIN ENTRY--PERSONAL NAME | |
| Personal name | Wilder, Laura Ingalls, |
| Dates associated with a name | 1867-1957, |
| Relator term | author. |
| 245 10 - TITLE STATEMENT | |
| Title | Little house on the prairie / |
| Statement of responsibility, etc. | Laura Ingalls Wilder. |
| 250 ## - EDITION STATEMENT | |
| Edition statement | Newly illustrated, uniform edition printed 1953 |
| 264 #1 - PRODUCTION, PUBLICATION, DISTRIBUTION, MANUFACTURE, AND COPYRIGHT NOTICE | |
| Place of production, publication, distribution, manufacture | New York |
| Name of producer, publisher, distributor, manufacturer | Scholastic |
| Date of production, publication, distribution, manufacture, or copyright notice | 1963 |
| 300 ## - PHYSICAL DESCRIPTION | |
| Extent | 335 pages |
| Dimensions | 20 cm. |
| 490 0# - SERIES STATEMENT | |
| Series statement | Little House on the Prairie |
| Volume/sequential designation | volume 2 |
| 520 ## - SUMMARY, ETC. | |
| Summary, etc. | When Laura Ingalls and her family leave their little house in the Big Woods of Wisconsin, they head west for the open prairie skies of Kansas Territory. They travel for many days in their covered wagon until they find the perfect spot for Pa to build them a new home. Soon they are planting and plowing, hunting wild ducks and turkeys, and gathering grass for their cows. But just when they begin to feel settled, they are caught in the middle of a dangerous conflict. |
| 521 1# - TARGET AUDIENCE NOTE | |
| Target audience note | 760 |
| Source | Lexile |
| 521 1# - TARGET AUDIENCE NOTE | |
| Target audience note | T |
| Source | Raz-Paz |
| 600 10 - SUBJECT ADDED ENTRY--PERSONAL NAME | |
| Personal name | Wilder, Laura Ingalls, |
| Dates associated with a name | 1867-1957 |
| Form subdivision | Juvenile fiction. |
| 600 11 - SUBJECT ADDED ENTRY--PERSONAL NAME | |
| Personal name | Wilder, Laura Ingalls, |
| Dates associated with a name | 1867-1957 |
| General subdivision | Childhood and youth |
| Form subdivision | Fiction. |
| 650 #0 - SUBJECT ADDED ENTRY--TOPICAL TERM | |
| Topical term or geographic name entry element | Frontier and pioneer life |
| Geographic subdivision | Great Plains |
| Form subdivision | Juvenile fiction. |
| 650 #0 - SUBJECT ADDED ENTRY--TOPICAL TERM | |
| Topical term or geographic name entry element | Families |
| Geographic subdivision | Great Plains |
| Form subdivision | Juvenile fiction. |
| 650 #0 - SUBJECT ADDED ENTRY--TOPICAL TERM | |
| Topical term or geographic name entry element | Frontier and pioneer life |
| Form subdivision | Juvenile fiction. |
| 650 #1 - SUBJECT ADDED ENTRY--TOPICAL TERM | |
| Topical term or geographic name entry element | Frontier and pioneer life |
| Geographic subdivision | Great Plains |
| Form subdivision | Fiction. |
| 650 #1 - SUBJECT ADDED ENTRY--TOPICAL TERM | |
| Topical term or geographic name entry element | Family life |
| Geographic subdivision | Great Plains |
| Form subdivision | Fiction. |
| 650 #1 - SUBJECT ADDED ENTRY--TOPICAL TERM | |
| Topical term or geographic name entry element | Frontier and pioneer life |
| Form subdivision | Fiction. |
| 651 #0 - SUBJECT ADDED ENTRY--GEOGRAPHIC NAME | |
| Geographic name | Kansas |
| Form subdivision | Juvenile fiction. |
| 651 #0 - SUBJECT ADDED ENTRY--GEOGRAPHIC NAME | |
| Geographic name | Great Plains |
| Form subdivision | Juvenile fiction. |
| 651 #1 - SUBJECT ADDED ENTRY--GEOGRAPHIC NAME | |
| Geographic name | Kansas |
| Form subdivision | Fiction. |
| 651 #1 - SUBJECT ADDED ENTRY--GEOGRAPHIC NAME | |
| Geographic name | Great Plains |
| Form subdivision | Fiction. |
| 700 1# - ADDED ENTRY--PERSONAL NAME | |
| Personal name | MacLachlan, Patricia, |
| Relator term | author of introduction, etc. |
| 906 ## - LOCAL DATA ELEMENT F, LDF (RLIN) | |
| a | 7 |
| b | cbc |
| c | copycat |
| d | 2 |
| e | epcn |
| f | 20 |
| g | y-gencatlg |
| 942 ## - ADDED ENTRY ELEMENTS (KOHA) | |
| Source of classification or shelving scheme | Library of Congress Classification |
| Koha item type | Books |
| Suppress in OPAC | No |
| Withdrawn status | Lost status | Source of classification or shelving scheme | Damaged status | Not for loan | Collection | Home library | Current library | Shelving location | Date acquired | Total Checkouts | Full call number | Barcode | Date last seen | Copy number | Price effective from | Koha item type |
|---|---|---|---|---|---|---|---|---|---|---|---|---|---|---|---|---|
| Dewey Decimal Classification | Juvenile Fiction | Footprints International School Library Network Toul Kork Campus | Footprints International School Library Network Toul Kork Campus | TK Primary Library Room(4th Floor), Bookcase 5&6, Shelves 33-56, Orange Books | 01/30/2023 | WIL 813.52 PZ7.W6461 | FISTK00646 | 02/07/2023 | 1 | 01/30/2023 | Books | |||||
| Dewey Decimal Classification | Juvenile Fiction | Footprints International School Library Network Toul Tom Poung Campus | Footprints International School Library Network Toul Tom Poung Campus | TTP Primary Orange Bookshelves | 03/25/2024 | WIL 813.52 PZ7.W6461 | 2024-0395 | 03/25/2024 | 2 | 03/25/2024 | Books | |||||
| Dewey Decimal Classification | Juvenile Fiction | Footprints International School Library Network Toul Tom Poung Campus | Footprints International School Library Network Toul Tom Poung Campus | TTP Primary Orange Bookshelves | 03/26/2024 | WIL 813.52 PZ7.W6461 | 2024-0401 | 03/26/2024 | 3 | 03/26/2024 | Books |
